000 00476nam a2200193Ia 4500
005 20240823044142.0
008 240823s9999||||xx |||||||||||||| ||und||
020 _a81-87721-61-8
041 _aENGLISH
082 _A174.962 P4
100 _aGovindan KR
245 0 _aProfessional Ethics
250 _aFirst
260 _c2004
_b"Anuradha, Kumbakonam ,Tamil Nadu,"
500 _aTRANSFERED
650 _aPhilosophy
_bGeneral
700 _a Senthilkumar
942 _cBK
999 _c211891
_d211891